| 000 | 00452nam a2200121Ia 4500 | ||
|---|---|---|---|
| 008 | 230907s9999||||xx |||||||||||||| ||und|| | ||
| 082 |
_a725.23 _bASH |
||
| 245 | 0 | _aHigh density data centers : | |
| 260 |
_aAmerican Society of Heating, Refrigerating and Air-conditioning Engineers, _bAtlanta, GA : _c2008 |
||
| 300 | _aviii, 191 p. : | ||
| 650 |
_aCase studies. Case studies. Case studies. Case studies. Case studies. Case studies. _9115772 |
||
| 942 | _cBK | ||
| 999 |
_c599518 _d599518 |
||